000 00442 a2200169 4500
001 068348
003 OSt
005 20220216143428.0
008
082 _a517.5
_bM11E
100 1 _aMaccluer, Barbara D.
245 1 _aElementary functional analysis
_cby Barbara D. Maccluer
260 _aNew York
_bSpringer
_c2009
300 _a207p.
653 _aFunctional analysis; Mathematics
942 _2ddc
_cBK
999 _c2031
_d2031